| 000 | 01021nam0a22002531 4500 | ||
|---|---|---|---|
| 001 | rc\4770305 | ||
| 005 | 20260408080747.0 | ||
| 021 |
_aRU _bРг6231-64 |
||
| 035 | _a(NLR Aleph) 009000767 | ||
| 090 |
_a9305631 _c9305631 |
||
| 100 | _a20130417d1964 |||y0rusy50 ca | ||
| 101 | 0 | _arus | |
| 102 | _aRU | ||
| 105 | _ay z ||||| | ||
| 200 | 1 |
_aК вопросу о возникновении Прибалтийской историко-культурной области _fVII Междунар. конгресс антропол. и этногр. наук. Москва, авг., 1964 г. |
|
| 210 |
_aМосква _cНаука _d1964 |
||
| 215 |
_a8 с. _d20 |
||
| 700 | 1 |
_aМоора _bХ.А. _f1900-1968 _gХарри Альбертович |
|
| 712 | 1 | 2 |
_aМеждународный конгресс антропологов и этнографов _d7 _f1964 _eМосква _3RU\NLR\AUTH\8810101735 _9704267 |
| 801 | 0 |
_aRU _bNLR _gpsbo |
|
| 801 | 1 |
_aRU _bELAR _2rusmarc |
|
| 852 |
_aNLR _j64-4/15127 |
||
| 942 | _cBOOK | ||
| 980 | _aNB | ||